The story of "me" : contemporary American autofiction /

"The Story of "Me" shows that the burgeoning of autofiction serves as a barometer of American literature from modernist authorial effacement to postmodern literary self-consciousness"--

Bibliographic Details
Main Author: Worthington, Marjorie (Author)
Format: Book
Language:English
Published: Lincoln : University of Nebraska Press, 2018.
Series:Frontiers of narrative.
Subjects:

MARC

Tag First Indicator Second Indicator Subfields
LEADER 00000cam a22000008i 4500
001 in00004014213
005 20190108144529.0
008 171206s2018 nbu b z001 0 eng
010 |a  2017058300 
035 |a (OCoLC)on1025368400 
040 |a DLC  |b eng  |e rda  |c DLC  |d OCLCO  |d OCLCF  |d BDX  |d YDX  |d OCLCQ  |d VA@  |d IAD  |d OCLCO 
020 |a 9781496207579  |q (cloth ;  |q alk. paper) 
020 |a 1496207572 
020 |z 9781496208736  |q (epub) 
020 |z 9781496208743  |q (mobi) 
020 |z 9781496208750  |q (pdf) 
024 8 |a 40028670999 
035 |a (OCoLC)1025368400 
042 |a pcc 
043 |a n-us--- 
050 0 0 |a PS374.A88  |b W67 2018 
082 0 0 |a 813/.08209  |2 23 
049 |a TXAM 
100 1 |a Worthington, Marjorie,  |e author. 
245 1 4 |a The story of "me" :  |b contemporary American autofiction /  |c Marjorie Worthington. 
246 3 0 |a Contemporary American autofiction 
263 |a 1811 
264 1 |a Lincoln :  |b University of Nebraska Press,  |c 2018. 
300 |a x, 217 pages ;  |c 24 cm. 
336 |a text  |b txt  |2 rdacontent 
337 |a unmediated  |b n  |2 rdamedia 
338 |a volume  |b nc  |2 rdacarrier 
490 1 |a Frontiers of narrative 
504 |a Includes bibliographical references and index. 
520 |a "The Story of "Me" shows that the burgeoning of autofiction serves as a barometer of American literature from modernist authorial effacement to postmodern literary self-consciousness"--  |c Provided by publisher. 
505 0 |a Introduction: Autofiction in an American Context -- 1. Masculinity, Whiteness, and Postmodern Self-Consciousness: Vladimir Nabokov, John Barth, Kurt Vonnegut, and Richard Powers -- 2. Rage Against the Dying of the Author: Philip Roth, Arthur Phillips, Ruth Ozeki, Salvador Plascencia, and Percival Everett -- 3. The New Journalism as the New Fiction, The New Subjectivity as The New Objectivity: Tom Wolfe, Norman Mailer, Hunter S. Thompson, Joan Didion, Mark Leyner, and Bret Easton Ellis -- 4. Trauma Autofiction, Dissociation, and the Authenticity of "Real" Experience: Kurt Vonnegut, Raymond Federman, Tim O'Brien and Jonathan Safran Foer -- 5. Memoir vs. Autofiction as The Story of Me vs. The Story of "Me": Philip Roth, Richard Powers, Bret Easton Ellis, and Ron Currie Jr. -- Coda -- Appendix: American Autofictions. 
650 0 |a Autobiographical fiction  |x History and criticism. 
650 0 |a American fiction  |y 20th century  |x History and criticism. 
650 0 |a American fiction  |y 21st century  |x History and criticism. 
650 0 |a Autobiography in literature. 
650 0 |a Self in literature. 
650 0 |a Postmodernism (Literature)  |z United States. 
650 7 |a American fiction.  |2 fast  |0 (OCoLC)fst00807048 
650 7 |a Autobiographical fiction.  |2 fast  |0 (OCoLC)fst00822535 
650 7 |a Autobiography in literature.  |2 fast  |0 (OCoLC)fst00822620 
650 7 |a Postmodernism (Literature)  |2 fast  |0 (OCoLC)fst01073181 
650 7 |a Self in literature.  |2 fast  |0 (OCoLC)fst01111462 
651 7 |a United States.  |2 fast  |0 (OCoLC)fst01204155 
648 7 |a 1900-2099  |2 fast 
655 7 |a Criticism, interpretation, etc.  |2 fast  |0 (OCoLC)fst01411635 
830 0 |a Frontiers of narrative. 
945 |b 818759 
947 |a A14850555849 
994 |a 92  |b TXA 
999 f f |s ad301981-7e84-3d2b-9d50-ca4ac3ccb50f  |i 3e0b93cb-7de3-3732-8e38-f0baf8ad521f  |t 0 
952 f f |p normal  |a Texas A&M University  |b College Station  |c Sterling C. Evans Library  |d Evans: Library Stacks  |t 0  |e PS374.A88 W67 2018  |h Library of Congress classification  |i unmediated -- volume  |m A14850555849 
998 f f |a PS374.A88 W67 2018  |t 0  |l Evans: Library Stacks